000 01282nam a2200313 c 4500
999 _c198661
_d198661
003 BLK
005 20220629161422.0
008 180411b bul|||||r ||||||| ||bul||
010 _aKNG00208011000
020 _a978-954-26-1629-0
040 _aBLK
041 _aBUL
_cBUL
072 7 _2bullib
_aН84
_xБългарска художествена литература Н
080 _aБългарска литература
_b821.163.2
_x-32
_z821.163.2-32
100 1 _aДукова, Боряна Димитрова
_eпърви автор
_gМилушева-Дукова, Боряна Димитрова
_9372389
139 _aДукова, Боряна Димитрова
_bД 92
245 1 0 _aТрилъри по женски
_bРазкази
_cБоряна Дукова.
257 _aBGR
260 _aПловдив
_bХермес
_c2016
_fСофия : Алианс Принт
300 _a160 с.
_c21 см
380 _aX
500 _aБиогр. данни за авт. отбелязани на гърба на кор.
659 _aН
852 _aЦб 286094
856 4 _qpdf
856 4 _qpdf
942 _cKNG
_n0
_s1
_02
944 _aCR
_c14.06.2017
_kВиолета_Тройчева
944 _aED
_c11.07.2017
_kГрета_Цуфелде
999 _d198661